| 000 | 00455nam a22001697a 4500 | ||
|---|---|---|---|
| 003 | MPLRDC | ||
| 005 | 20220104143209.0 | ||
| 008 | 210129b ||||| |||| 00| 0 eng d | ||
| 082 | _a413.92 LS c.2 | ||
| 100 | _a若石健康研究会编著 | ||
| 245 |
_a若石健康法: 足部反射自学手册 _c |
||
| 260 |
_a _b若石主业有限公司 _c |
||
| 300 | _b平 | ||
| 490 | _a若石健康丛书 | ||
| 650 | _a推拿; 按摩 | ||
| 942 |
_cBK _o413.92 LS c.2 |
||
| 999 |
_c37554 _d37544 |
||